000 00281nam a22001097a 4500
041 _aENG
100 _aRashid M.H
245 _aPower Electronics Circuits Devices And Applications
_c2 Ed
260 _aDelhi
_bPrentice Hall of India
_c2000
650 _aEOES
856 _uEOES ( 39 )
999 _c1286
_d1286